Pokémon commençant et finissant par la même lettre - Statistiques

Statistiques générales
  • Ce quiz a été pris 338 fois
    196 depuis la dernière actualisation
  • Le résultat moyen est 13 sur 33
Statistiques - réponses
Réponse % Correct
063 Abra
82%
154 Méganium
69%
029 Nidoran ♀
68%
032 Nidoran ♂
68%
153 Macronium
67%
138 Amonita
65%
203 Girafarig
65%
250 Ho-Oh
63%
031 Nidoqueen
59%
101 Électrode
54%
805 Ama-Ama
50%
600 Clic
46%
698 Amagara
45%
601 Cliticlic
44%
466 Élekable
38%
121 Staross
38%
334 Altaria
36%
108 Excelangue
35%
213 Caratroc
29%
341 Écrapince
29%
723 Efflèche
29%
751 Araqua
27%
660 Excavarenne
27%
681 Exagide
26%
523 Zéblitz
25%
554 Darumarond
23%
181 Pharamp
23%
579 Symbios
23%
306 Galeking
16%
616 Escargaume
15%
749 Tiboudet
12%
833 Khélocrok
9%
759 Nounourson
8%
Aucun quiz correspondant
Distribution des résultats
% des personnes avec chaque résultat
Percentile par nombre de réponses
Votre historique - résultats
Vous n’avez pas pris ce quiz depuis la dernière actualisation